00354 a2200133 450000100060000002000180000604000220002410000210004624000490006724500440011630000080016036200090016865000430017767890 a9788539005963 cAnchieta - Pituba aIoschpe, Gustavo10aO que o Brasil quer ser quando crescer?lpor10aO que o Brasil quer ser quando crescer? a2540 a2014 4aHistória da Educação Brasielira